| 000 | 00821cam a2200169 4500 | ||
|---|---|---|---|
| 001 | WB3831-42 | ||
| 008 | 020821n2002 000 0 eng u | ||
| 035 | _a(Sirsi) u119398 | ||
| 245 | _aCorporation Tax reform | ||
| 260 | _c2002 | ||
| 490 |
_aInland Revenue Press Release _v 5 August 2002, (2) |
||
| 520 | _aGovernment has launched consultation on Corporation Tax reform. It seeks views of business and other interested parties on three potential areas of reform, including their implications and methods of implementation. www.nds.coi.gov.uk/coi/coipress.nsf/b1a2a38b9054fb1c80256bf40033dbc2/badf851ad096392b80256c0c00562fb3?OpenDocument Consultative document available at www.inlandrevenue.gov.uk/consult_new/corporation_tax.htm | ||
| 590 | _aWB | ||
| 650 | _aCORPORATION TAX | ||
| 690 | _aTAXATION | ||
| 942 | _n0 | ||
| 999 |
_c70978 _d70978 |
||